000 01521 a2200157 4500
999 _c26797
_d26797
020 _a9781107514225
082 _a363.348
_bALI-G
100 _aAli, Shahla F.
245 _aGoverning Disasters
_b: Engaging Local Populations in Humanitarian Relief
260 _bCambridge University Press
_c2017
300 _a345,pp.
520 _aWith growing awareness of the devastation caused by major natural disasters, alongside integration of governance and technology networks, the parameters of humanitarian aid are becoming more global. At the same time, humanitarian instruments are increasingly recognizing the centrality of local participation. Drawing on six case studies and a survey of sixty-nine members of the relief sector, this book suggests that the key to the efficacy of post-disaster recovery is the primacy given to local actors in the management, direction and design of relief programs. Where local partnership and knowledge generation and application is ongoing, cohesive, meaningful and inclusive, disaster relief efforts are more targeted, cost-effective, efficient and timely. Governing Disasters: Engaging Local Populations in Humanitarian Relief examines the interplay between law, governance and collaborative decision making with international, state, private sector and community actors in order to understand the dynamics of a global decentralized yet coordinated process of post-disaster humanitarian assistance.
650 _aDisaster relief
650 _aLaw and legislation
942 _2ddc
_cBK